My Singing Monsters Classes - Statistics

General Stats
  • This quiz has been taken 10 times
  • The average score is 8 of 12
Answer Stats
Answer % Correct
Natural
100%
Celestial
90%
Ethereal
90%
Fire
90%
Magical
80%
Seasonal
80%
Mythical
70%
Paironormal
70%
Dipster
60%
Legendary
60%
Titansoul
40%
Glowbe
10%
No matching quizzes found
Score Distribution
Percent of People with Each Score
Percentile by Number Answered
Your Score History
You have not taken this quiz